Sonic the hedgehog characters - Statistics

General Stats
  • This quiz has been taken 146 times
  • The average score is 8 of 15
Answer Stats
Hint Answer % Correct
Is pink in colour Amy
99%
Is black in colour Shadow
98%
Is yellow and has a double tail Tails
97%
Is silver in colour Silver
92%
Is red and very strong Knuckles
89%
Is a shape of an egg Doctor eggman
86%
Who is a robot and looks like sonic Robo sonic
85%
Is a sweet dish that starts with the letter I Ice cream
58%
Is peach and white in colour Cream
56%
Is maroon in colour and can fly Rouge
50%
Who has a very fiery red colour Fire
4%
Who has the word scary in its name Scary rabbit
3%
Is purple in colour and has a long nose Chamelon guy
2%
Is green in colour Poppit
2%
Who is very fast Speedy
2%
No matching quizzes found
Score Distribution
Percent of People with Each Score
Percentile by Number Answered
Your Score History
You have not taken this quiz